[Event "European Senior Team"]
[Site "Thessaloniki GRE"]
[Date "2011.05.09"]
[Round "7.3.1"]
[White "Sorensen,B"]
[Black "Danner,G"]
[Result "0-1"]
[WhiteElo "2343"]
[BlackElo "2416"]

1.Nf3 d5 2.g3 c5 3.Bg2 Nc6 4.d4 e6 5.O-O cxd4 6.Nxd4 Qb6 7.Nb3 Nf6 8.a4 Be7
9.Nc3 O-O 10.a5 Qd8 11.a6 bxa6 12.e4 Nxe4 13.Nxe4 dxe4 14.Bxe4 Bb7 15.Be3 Qc7
16.Qe2 Rfd8 17.Qc4 Rac8 18.Rfd1 Rxd1+ 19.Rxd1 Ne5 20.Qxc7 Rxc7 21.Bxb7 Rxb7
22.Bc5 Rxb3 23.Bxe7 Rb8 24.Bc5 f6 25.b3 Rc8 26.Bxa7 Rxc2 27.Rd6 Nc6 28.Be3 e5
29.Kf1 Kf7 30.Rd7+ Ne7 31.b4 Ke6 32.Ra7 Rc6 33.Bc5 Nd5 34.Bf8 g5 35.Rxh7 Rc8
36.Bc5 a5 37.Rb7 g4 38.Kg2 e4 39.h3 gxh3+ 40.Kxh3 axb4 41.Bxb4 Rc2 42.Be1 Ke5
43.Rb8 Kd4 44.Kg4 Rc1 45.Ba5 Rf1 46.Rb2 e3 47.fxe3+ Nxe3+ 48.Kh5 Nc4 49.Bb6+ Kd5
50.Rf2 Rh1+ 51.Kg6 Nxb6 52.Kxf6 Nd7+ 53.Kf5 Rh5+ 54.Kg4 Rh8 55.Rd2+ Ke6 56.Kf3 Ne5+
57.Kg2 Ng4 58.Rd4 Kf5 59.Rf4+ Kg5 60.Ra4 Re8 61.Ra5+ Ne5 62.Rb5 Kf5 63.Rb4 Rc8
64.Rf4+ Kg5 65.Rf2 Rc3 66.Rf4 Ng4 67.Rf3 Rc2+ 68.Kg1 Nf6 69.Rf2 Rc3 70.Kg2 Ne4
71.Rf3 Rc2+ 72.Kh3 Rd2 73.Rf8 Nf2+ 74.Kg2 Ng4+ 75.Kg1 Ne3 76.Rf3 Re2 77.Rf4 Rg2+
78.Kh1 Rxg3 79.Rf8 Rh3+ 80.Kg1 Ng4 81.Kg2 Ra3 82.Rg8+ Kf5 83.Rf8+ Ke4 84.Re8+ Ne5
85.Kf2 Rh3 86.Kg2 Rh5 87.Kf2 Rg5 88.Ke2 Rg2+ 89.Kf1 Ra2 90.Re6 Kd4 91.Re8 Nd3
92.Kg1 Nc5 93.Rh8 Ne4 94.Rh3 Ke5 95.Rf3 Ng5 96.Rf8 Ke4 97.Kf1 Ke3 98.Re8+ Ne4
99.Kg1 Rb2 100.Re7 Rb8 101.Kg2 Rg8+ 102.Kh3 Rg6 103.Kh4 Kf4 104.Kh5 Rg8 105.Rf7+ Ke5
106.Kh4 Nf6 107.Kh3 Rg6 108.Ra7 Kf4 109.Rf7 Kf3 110.Kh4 Ke4 111.Kh3 Kf4 112.Rf8 Kf3
113.Kh4 Kg2 114.Rg8 Nxg8  0-1

[Event "European Senior Team"]
[Site "Thessaloniki GRE"]
[Date "2011.05.09"]
[Round "7.7.1"]
[White "Byway,P"]
[Black "Vucenovic,D"]
[Result "1/2-1/2"]
[WhiteElo "2162"]
[BlackElo "2249"]

1.Nf3 d5 2.g3 c5 3.Bg2 Nc6 4.d4 e6 5.O-O Nf6 6.c4 cxd4 7.Nxd4 Be7 8.Nc3 O-O
9.Bf4 Qb6 10.Nxc6 bxc6 11.b3 Ba6 12.Na4 Qa5 13.Qc2 Rac8 14.Rfd1 Rfd8 15.Be3 c5
16.Nb2 d4 17.Bf4 Nh5 18.Bd2 Qc7 19.e4 Bb7 20.Rf1 d3 21.Nxd3 Qd6 22.Nf4 Qxd2
23.Qxd2 Rxd2 24.Nxh5 Rcd8 25.e5 Bxg2 26.Kxg2 g6 27.Nf6+ Bxf6 28.exf6 R8d3
29.Rfe1 Rd8 30.Re5 Rc8 31.h4 Kf8 32.Kf3 Ke8 33.Re2 Rd3+ 34.Re3 Rd2 35.Re2 Rd3+
36.Re3  1/2-1/2

[Event "European Senior Team"]
[Site "Thessaloniki GRE"]
[Date "2011.05.09"]
[Round "7.8.3"]
[White "Theting,H"]
[Black "Neese,H"]
[Result "1-0"]
[WhiteElo "2029"]
[BlackElo "2234"]

1.Nf3 d5 2.g3 c5 3.Bg2 Nc6 4.O-O Nf6 5.d3 Bg4 6.h3 Bd7 7.Nbd2 e6 8.e4 Be7
9.e5 Nh5 10.Nh2 g6 11.Ndf3 Ng7 12.c3 h5 13.h4 Qb6 14.a3 a5 15.Rb1 a4 16.Bf4 Na5
17.Ng5 Nf5 18.Nhf3 Bb5 19.Re1 Nb3 20.Bf1 Rd8 21.Qc2 Bc6 22.Nd2 Nxd2 23.Qxd2 Qa5
24.Bg2 b5 25.Nh3 Qc7 26.d4 Qb6 27.Red1 cxd4 28.cxd4 Rc8 29.Rbc1 b4 30.Bg5 b3
31.Bxe7 Nxe7 32.Qg5 Rf8 33.Qf4 Bb5 34.Ng5 Rc2 35.Nh7 Rh8 36.Nf6+ Kf8 37.Rxc2 bxc2
38.Rc1 Nf5 39.Rxc2 Kg7 40.Rc5 Bc4 41.Bh3 Qxb2 42.Bxf5 exf5 43.Qg5 Qe2 44.Nxh5+ Qxh5
45.Qf6+ Kh7 46.Qxf7+ Kh6 47.Rc7 Qd1+ 48.Kh2 Kh5 49.Rc6 Rh6 50.Rxg6 Rxg6 51.Qh7+ Kg4
52.Qxg6+ Kf3 53.Qh5+  1-0

[Event "Sten Open"]
[Site "Hradec Kralove CZE"]
[Date "2011.05.10"]
[Round "3"]
[White "Nemec,O"]
[Black "Vorel,B"]
[Result "1/2-1/2"]
[WhiteElo "1884"]
[BlackElo "1744"]

1.Nf3 d5 2.g3 c5 3.Bg2 Nf6 4.O-O e6 5.d4 Nc6 6.b3 Qc7 7.Bb2 cxd4 8.Nxd4 Nxd4
9.Bxd4 Be7 10.Nd2 O-O 11.Bb2 Bd7 12.c4 Bc6 13.cxd5 Nxd5 14.Rc1 Rfd8 15.a3 Rac8
16.e4 Nb6 17.Qg4 Bf6 18.Rfd1 Qe7 19.Qe2 e5 20.Nf1 Qe6 21.Nd2 Bd7 22.h4 Be7
23.Kh2 f6 24.Rxc8 Rxc8 25.Rc1 Rxc1 26.Bxc1 Qc6 27.Qd1  1/2-1/2

[Event "9th Somov Mem"]
[Site "Kirishi RUS"]
[Date "2011.05.10"]
[Round "4"]
[White "Stukopin,A"]
[Black "Alekseenko,K"]
[Result "0-1"]
[WhiteElo "2471"]
[BlackElo "2317"]

1.Nf3 d5 2.g3 c5 3.Bg2 Nc6 4.c4 d4 5.d3 e5 6.e3 Nf6 7.exd4 exd4 8.O-O Be7
9.Nbd2 O-O 10.Ne4 Nxe4 11.dxe4 Bg4 12.h3 Bh5 13.g4 Bg6 14.Ne1 Bd6 15.f4 f6
16.b3 Qe7 17.Nd3 Nb4 18.Nf2 a6 19.Bd2 Rad8 20.a3 Nc6 21.Nd3 b5 22.Re1 Qc7
23.Rc1 bxc4 24.bxc4 Rb8 25.e5 fxe5 26.f5 Be8 27.Bd5+ Kh8 28.Qc2 Ne7 29.Be4 Ng8
30.Bg2 Bc6 31.Ba5 Qxa5 32.Bxc6 Nf6 33.a4 Qc7 34.Bg2 Nd7 35.Rb1 Be7 36.Kh1 Bg5
37.Rxb8 Rxb8 38.Rb1 Re8 39.Rb7 Qc8 40.Be4 Nf6 41.Qg2 Qd8 42.Bc6 Re7 43.Rxe7 Qxe7
44.Qb2 Qd6 45.Qb7 h5 46.Qc8+ Kh7 47.Qe6 Qb8 48.Kg2 Qb3 49.Be4 Qa2+ 50.Kf1 Qb1+
51.Kg2 Be3 52.g5 Qg1+ 53.Kf3 Qf1+  0-1

[Event "41st Bosna Open"]
[Site "Sarajevo BIH"]
[Date "2011.05.10"]
[Round "7.37"]
[White "Vojinovic,J"]
[Black "Cerimovic,A"]
[Result "1/2-1/2"]
[WhiteElo "2305"]
[BlackElo "2092"]

1.Nf3 d5 2.g3 c6 3.Bg2 f5 4.d3 Nf6 5.O-O g6 6.Nbd2 Bg7 7.Qe1 O-O 8.Ne5 Nfd7
9.Nxd7 Nxd7 10.c4 d4 11.b4 a5 12.b5 c5 13.Rb1 Rb8 14.Nf3 Qb6 15.Bd2 Ra8 16.e4 dxe3
17.Qxe3 e6 18.Rfe1 Re8 19.Rbc1 Qd6 20.Qe2 h6 21.Red1 Ra7 22.Bc3 Bd4 23.Qd2 Bxc3
24.Rxc3 Kh7 25.d4 b6 26.dxc5 Qxd2 27.Nxd2 Nxc5 28.Nb3 Na4 29.Rc2 Rc7 30.Bc6 Ree7
31.c5 bxc5 32.Nxc5 Nb6 33.Re1 Kg7 34.f4 Kf6 35.Rc3 e5 36.fxe5+ Rxe5 37.Rxe5 Kxe5
38.Ra3 Kd6 39.Na4 Nc4 40.Rd3+ Ke7 41.Nc3 Be6 42.Nd5+ Bxd5 43.Rxd5 Nb6 44.Rd4 a4
45.Kf2 Ke6 46.Rd8 Nc8 47.Rh8 Kd6 48.Rxh6 Ne7 49.Ke3 Ke5 50.Rh4 Nxc6 51.bxc6 Rxc6
52.Rxa4 Rc3+ 53.Kd2 Rf3 54.Ke2 Rc3 55.Kf1 g5 56.g4 fxg4 57.Rxg4 Rc1+ 58.Kg2 Kf5
59.Kh3 Rc3+ 60.Rg3 g4+  1/2-1/2

[Event "ch-Euro Indiv Women"]
[Site "Tbilisi GEO"]
[Date "2011.05.10"]
[Round "4"]
[White "Moser,E"]
[Black "Krivec,J"]
[Result "1/2-1/2"]
[WhiteElo "2445"]
[BlackElo "2296"]

1.Nf3 d5 2.g3 g6 3.Bg2 Bg7 4.c4 dxc4 5.Qa4+ Nd7 6.Qxc4 e5 7.O-O Ne7 8.d3 O-O
9.Nc3 Nb6 10.Qb3 Nc6 11.Ne4 Be6 12.Qc2 Bd5 13.Bg5 f6 14.Be3 h6 15.Nc5 Rb8
16.b4 a6 17.Rab1 f5 18.a4 Rf7 19.a5 Nc8 20.b5 axb5 21.Rxb5 Nd6 22.Nxb7 Rxb7
23.Rxd5 Nb4 24.Qb3 Nxd5 25.Qxd5 Rb5 26.Qa2 c5 27.a6 Ra5 28.Qd5 c4 29.Bc5 cxd3
30.exd3 Qc7 31.Qxd6 Qxc5 32.Qxg6 Rf6 33.Qe8+ Rf8 34.Qe6+ Kh7 35.Nh4 Rf6 36.Qd7 Qd6
37.Qxd6 Rxd6 38.Bb7 Rxd3 39.Nxf5 Rda3 40.Kg2 Kg6 41.Nd6 Ra2 42.Rc1 Bf8 43.Ne4 Kf7
44.Rc7+ Ke6 45.Bc8+ Kd5 46.Nc3+ Kd6 47.Rd7+ Kc6 48.Nxa2 Rxa2 49.Rf7 Bc5 50.h4 Kd5
51.g4 e4 52.Rf5+ Kd6 53.Kg3 Ra3+ 54.Kg2 Ra2 55.Rxc5 Kxc5 56.Kg3 Ra3+ 57.Kg2 Ra2
58.Kf1 Kd4 59.Bb7 Ra1+ 60.Kg2 Ra2 61.Kf1 Ra1+ 62.Ke2 Ra2+ 63.Kd1 Ke5 64.Kc1 Kf4
65.Kb1 Ra5 66.g5 hxg5 67.hxg5 Kxg5 68.Bxe4 Rxa6  1/2-1/2

[Event "European Senior Team"]
[Site "Thessaloniki GRE"]
[Date "2011.05.10"]
[Round "8.3.2"]
[White "Sloth,J"]
[Black "Van Herck,M"]
[Result "1-0"]
[WhiteElo "2310"]
[BlackElo "2135"]

1.Nf3 d5 2.g3 Nf6 3.Bg2 c6 4.O-O Bg4 5.b3 e6 6.Bb2 Nbd7 7.c4 Bd6 8.Nc3 a6
9.d4 b5 10.c5 Bc7 11.b4 O-O 12.a4 Qe7 13.Re1 Rfb8 14.Qb3 Qd8 15.a5 Qf8 16.e4 dxe4
17.Nxe4 Bxf3 18.Bxf3 Nd5 19.Nc3 N7f6 20.Na2 Rd8 21.Nc1 Ne7 22.Nd3 Nfd5 23.Rad1 Rd7
24.Ne5 Bxe5 25.dxe5 Rad8 26.h4 Nf5 27.h5 g6 28.Re4 Qe7 29.Bc1 Kh8 30.Rg4 gxh5
31.Bg5 hxg4 32.Bxe7 Ndxe7 33.Rxd7 Rxd7 34.Bxg4 Rd4 35.Bxf5 Nxf5 36.Qf3  1-0

[Event "ch-UKR semi-final"]
[Site "Alushta UKR"]
[Date "2011.05.11"]
[Round "9.5"]
[White "Kuzubov,Y"]
[Black "Ljukin,S"]
[Result "1/2-1/2"]
[WhiteElo "2639"]
[BlackElo "2360"]

1.Nf3 d5 2.g3 Bg4 3.Bg2 Nd7 4.d4 Ngf6 5.O-O e6 6.Nbd2 c5 7.c4 cxd4 8.cxd5 Nxd5
9.Nxd4 Bc5 10.Nc4 O-O 11.Nb3 Rc8 12.Nxc5 Nxc5 13.Ne3 Nxe3 14.Bxe3 Qe7 15.Rc1 b6
16.Rc4 Bf5 17.g4 Bg6 18.Qc1 a5 19.Qc3 Na4 20.Qb3 Rxc4 21.Qxc4 Nxb2 22.Qd4 Qb4
23.Rc1 Na4 24.Kf1 h6 25.h4 Qxd4 26.Bxd4 Rd8 27.Be3 f6 28.Ke1 b5 29.h5 Be8
30.Be4 b4 31.Bd2 f5 32.gxf5 exf5 33.Bxf5 Bxh5 34.Rc7 Bf7 35.Ra7 Nb2 36.f3 Nc4
37.Bf4 g5 38.Bc7 Rd2 39.Rxa5 Nxa5 40.Kxd2 Nc6 41.Bd7 Ne7 42.Bd6 Kf8 43.Bxb4 Bxa2
44.Kd3 Kf7 45.Ba3 Ng6 46.Bd6 Be6 47.Bb5 Kf6 48.Kd4 h5 49.Bc7 h4 50.Bd8+ Ne7
51.Ke3 Kf7 52.Kf2 g4 53.fxg4 Bxg4 54.Bd3 Be6 55.Kg2 Ng6 56.Bg5 Kg7 57.Bb5 Kf7
58.e4 h3+ 59.Kg3 Ne5 60.Bf1 h2 61.Bg2 Bg4 62.Bf4 Bf3 63.Bxe5 h1=Q 64.Bxh1 Bxh1  1/2-1/2

[Event "European Senior Team"]
[Site "Thessaloniki GRE"]
[Date "2011.05.11"]
[Round "9.6.3"]
[White "Aftsoglou,I"]
[Black "Neese,H"]
[Result "1-0"]
[WhiteElo "2168"]
[BlackElo "2234"]

1.g3 d5 2.Nf3 Nf6 3.d3 c6 4.Bg2 Bf5 5.Nbd2 h6 6.O-O Nbd7 7.e3 e5 8.e4 dxe4
9.dxe4 Be6 10.Qe2 Qc7 11.a4 Bc5 12.h3 O-O 13.Nh4 Rfe8 14.Kh2 Kh7 15.Nc4 Ng8
16.Bd2 g6 17.Nf3 Bf8 18.Bc3 Bg7 19.Rfd1 Bxc4 20.Qxc4 Nb6 21.Qe2 Rad8 22.b3 Rd7
23.a5 Nc8 24.Rxd7 Qxd7 25.Rd1 Qc7 26.Qd3 Nf6 27.h4 Ng4+ 28.Kg1 Kg8 29.Qd7 Qxd7
30.Rxd7 Nf6 31.Rc7 Nxe4 32.Bxe5 Bxe5 33.Nxe5 Rxe5 34.Rxc8+ Kg7 35.Bxe4 Rxe4
36.a6 Re1+ 37.Kg2 b6 38.Rc7 Re2 39.Rxc6 Re7 40.Kf3 Rd7 41.g4 Kf8 42.Ke3 Ke7
43.h5 gxh5 44.gxh5 Rd5 45.Rc7+ Kd6 46.Rxa7 Rxh5 47.Rxf7 Ra5 48.a7 Ra1 49.Kd4 Kc6
50.c4 Rd1+ 51.Kc3 Rd8 52.Kb4 Rh8 53.Rh7 Rf8 54.Rxh6+ Kb7 55.Rh7+ Ka8 56.Rh2 Kxa7
57.Kc3 Rf3+ 58.Kd4 Rxb3 59.Rh7+ Ka6 60.f4 Rf3 61.Ke4 Rf1 62.Rc7 b5 63.cxb5+ Kxb5
64.Ke5 Kb6 65.Rc2 Re1+ 66.Kf6 Re8 67.Kf7 Re4 68.f5 Kb7 69.f6 Re3 70.Kf8 Re4
71.f7 Re3 72.Rg2 Kc7 73.Kg8  1-0

[Event "TCh-UKR Clubs 2011"]
[Site "Alushta UKR"]
[Date "2011.05.13"]
[Round "1.2"]
[White "Strelnikov,S"]
[Black "Kusnetsov,Sergey"]
[Result "1-0"]
[WhiteElo "2425"]
[BlackElo "2305"]

1.Nf3 d5 2.g3 Nf6 3.Bg2 g6 4.b3 Bg7 5.Bb2 c5 6.O-O Nc6 7.d3 O-O 8.Nbd2 b6
9.c4 Bb7 10.cxd5 Nxd5 11.Bxg7 Kxg7 12.Qc2 e5 13.Qb2 f6 14.Rfd1 Qe7 15.a3 Rad8
16.e3 Rd7 17.Bh3 Rdd8 18.Rac1 Rfe8 19.Rc2 Qf7 20.Rdc1 Ndb4 21.axb4 Nxb4 22.Ra1 Nxd3
23.Qc3 a5 24.Bf1 Nb4 25.Rcc1 Qc7 26.Ne1 Re7 27.Nc4 Red7 28.Bh3 Rd3 29.Qb2 Ba8
30.Bg2 b5 31.Nxa5 Bxg2 32.Kxg2 Rd2 33.Qc3 Na2 34.Qxc5 Qxa5 35.Nf3 R2d7 36.Rc2 Qb4
37.Raxa2 Qxb3 38.Rab2  1-0

[Event "ch-Euro Indiv Women"]
[Site "Tbilisi GEO"]
[Date "2011.05.13"]
[Round "7"]
[White "Khalafova,N"]
[Black "Ikonomopoulou,M"]
[Result "1-0"]
[WhiteElo "2065"]
[BlackElo "2121"]

1.Nf3 d5 2.g3 Nc6 3.d3 e5 4.Nbd2 f6 5.c3 Be6 6.b4 Qd7 7.a4 d4 8.cxd4 Nxd4
9.Rb1 Ne7 10.Nxd4 Qxd4 11.Bb2 Qxb4 12.Bg2 Ba2 13.Rc1 Qxb2 14.Rc2 Qb4 15.Rxa2 c6
16.Qc2 Qa5 17.Rb2 Rb8 18.O-O Nd5 19.Rfb1 Nb6 20.Nc4 Qc5 21.a5 Nxc4 22.Qxc4 Qxc4
23.dxc4 Bc5 24.Bxc6+ Kf7 25.Bxb7 Ke7 26.Rb5 Bd6 27.a6 Rhd8 28.Be4 g6 29.c5 Bc7
30.Rb7 Kd7 31.Rd1+ Kc8 32.Rxd8+ Kxd8 33.Rxa7 f5 34.Bc6 Kc8 35.Rxc7+ Kxc7
36.a7 Rb1+ 37.Kg2  1-0

[Event "TCh-UKR Clubs 2011"]
[Site "Alushta UKR"]
[Date "2011.05.14"]
[Round "2.4"]
[White "Kusnetsov,Sergey"]
[Black "Khader,Sam"]
[Result "1-0"]
[WhiteElo "2305"]
[BlackElo "2411"]

1.Nf3 d5 2.g3 Nf6 3.Bg2 c6 4.c4 dxc4 5.Na3 b5 6.b3 cxb3 7.Qxb3 Be6 8.Qc2 Bd5
9.O-O g6 10.d3 Bg7 11.e4 Be6 12.Bb2 O-O 13.Nd4 Bg4 14.h3 b4 15.Nc4 Bc8 16.Rfd1 Ne8
17.Nb3 a5 18.Rac1 Nd6 19.Ne5 a4 20.Nc5 Nb5 21.d4 Qa5 22.f4 Nd6 23.d5 cxd5
24.Rxd5 Qa7 25.Bd4 Nb5 26.Bf2 Qc7 27.Qd2 Nc3 28.Ncd3 Na6 29.Rd4 Be6 30.a3 Qb7
31.Nxb4 Nb5 32.Rd3 Nd6 33.Nec6 Nc4 34.Rxc4 Bxc4 35.Rd7 Qb5 36.Nxe7+ Kh8 37.e5 Nxb4
38.Bxa8 Nd3 39.Bc6 Qb1+ 40.Kh2 Rb8 41.Be4 Qb5 42.Nc6 Rc8 43.e6 fxe6 44.Rxg7 Kxg7
45.Na7 Qa6 46.Qc3+ Kh6 47.Bxd3 Rc7 48.Be3 e5 49.Qxe5 Rd7 50.Bxc4 Qxc4 51.f5+  1-0

[Event "4th Marko Jaric Mem"]
[Site "Stari Mikanovci CRO"]
[Date "2011.05.14"]
[Round "5"]
[White "Saric,A"]
[Black "Rogic,D"]
[Result "1-0"]
[WhiteElo "2489"]
[BlackElo "2581"]

1.Nf3 d5 2.g3 g6 3.Bg2 Bg7 4.c4 d4 5.O-O e5 6.d3 Ne7 7.e3 O-O 8.exd4 exd4
9.Bg5 h6 10.Bxe7 Qxe7 11.Nbd2 c5 12.Re1 Qc7 13.a3 Nc6 14.Ne4 b6 15.Nh4 Rb8
16.f4 Ne7 17.b4 cxb4 18.axb4 b5 19.cxb5 Nd5 20.Qa4 Nc3 21.Qxa7 Qxa7 22.Rxa7 Nxb5
23.Re7 Nc3 24.Nd6 Bf6 25.Re8 Ba6 26.Rxb8 Rxb8 27.b5 Bxb5 28.Nxb5 Rxb5 29.Nf3 Rb2
30.Bf1 Ra2 31.h4 Kg7 32.g4 Nd5 33.g5 hxg5 34.fxg5 Bd8 35.Re8 Bc7 36.Re2 Ra1
37.Kf2 Rd1 38.Re1 Rxe1 39.Kxe1 Bf4 40.Nxd4 Bg3+ 41.Ke2 Bxh4 42.Nf3 Bg3 43.d4 Kf8
44.Kd3 Ke7 45.Ke4 Nc3+ 46.Kd3 Nd5 47.Ke4 Kd6  1-0

[Event "4th Marko Jaric Mem"]
[Site "Stari Mikanovci CRO"]
[Date "2011.05.14"]
[Round "5"]
[White "Saric,Iv"]
[Black "Palac,M"]
[Result "0-1"]
[WhiteElo "2637"]
[BlackElo "2583"]

1.Nf3 d5 2.g3 g6 3.Bg2 Bg7 4.O-O e5 5.d3 Ne7 6.c4 dxc4 7.Qa4+ Nbc6 8.Qxc4 Be6
9.Qc2 O-O 10.Nc3 h6 11.Bd2 Nd4 12.Nxd4 exd4 13.Ne4 b6 14.Bb4 c5 15.Ba3 Rc8
16.Nd2 Qd7 17.Rac1 Nd5 18.Rfe1 Rfe8 19.b3 Bh3 20.Be4 Nc3 21.Bf3 Bg4 22.Kg2 Nxe2
23.Rxe2 Rxe2  0-1

[Event "46th Capablanca Memorial Open B"]
[Site "Havana CUB"]
[Date "2011.05.15"]
[Round "5.44"]
[White "Perez de Leon,R"]
[Black "Martin Campos,B"]
[Result "1/2-1/2"]
[WhiteElo "2096"]
[BlackElo "2020"]

1.Nf3 d5 2.g3 Nf6 3.Bg2 Bg4 4.d3 Nbd7 5.Nbd2 e5 6.O-O Bc5 7.e4 c6 8.c3 O-O
9.Qc2 dxe4 10.dxe4 Nh5 11.b4 Bb6 12.Nc4 Bc7 13.Ne3 Be6 14.Bb2 a5 15.a3 Qe7
16.Nh4 g6 17.Rad1 Nb6 18.c4 axb4 19.c5 b3 20.Qe2 Na4 21.Nhf5 Bxf5 22.exf5 Nxb2
23.Qxb2 Qxc5 24.Qxb3 Qb6 25.Qa2 Nf6 26.fxg6 hxg6 27.Rb1 Qa6 28.Qb3 Rfb8 29.Nc2 Qa4
30.Qa2 Qa5 31.Qc4 Nd5 32.h4 Nf6 33.Rb3 e4 34.Bxe4 Nxe4 35.Qxe4 Qc5 36.Rf3 Re8
37.Qd3 Rad8 38.Qb3 Qd5 39.Rb1 b5 40.Qxd5 Rxd5 41.Rc3 Re6  1/2-1/2

[Event "TCh-NED"]
[Site "Netherlands NED"]
[Date "2011.05.15"]
[Round "9"]
[White "Rotstein,A"]
[Black "Levin,F"]
[Result "1/2-1/2"]
[WhiteElo "2542"]
[BlackElo "2482"]

1.Nf3 d5 2.g3 c6 3.Bg2 Bg4 4.O-O Nd7 5.d4 Ngf6 6.Nbd2 e6 7.Re1 Be7 8.e4 dxe4
9.Nxe4 O-O 10.c3 Nxe4 11.Rxe4 Bxf3 12.Bxf3 Bg5 13.Bxg5 Qxg5 14.Qb3 Rab8 15.Rae1 Qd8
16.Qa3 a6 17.R4e2 Nf6 18.Re5 Nd7 19.R5e2 Nf6 20.Re5 Nd7 21.R5e2  1/2-1/2

[Event "ch-BUL Seniors"]
[Site "Sofia BUL"]
[Date "2011.05.15"]
[Round "3.5"]
[White "Kolev,Vel"]
[Black "Popov,Geo"]
[Result "0-1"]
[WhiteElo "1936"]
[BlackElo "2165"]

1.Nf3 d5 2.g3 Bg4 3.Ne5 Bh5 4.c4 dxc4 5.Qa4+ c6 6.Qxc4 Nd7 7.Nxd7 Qxd7 8.Bg2 Nf6
9.Nc3 e6 10.O-O Be7 11.d3 O-O 12.Re1 Rfe8 13.Be3 Nd5 14.Bd2 Rac8 15.a3 b5
16.Qb3 a6 17.Rac1 c5 18.Nd1 Qa7 19.Ne3 Nf6 20.h3 h6 21.Nf1 Rc7 22.g4 Bg6
23.Bf4 Rcc8 24.Kh1 Red8 25.Kg1 Rd7 26.Bf3 Nd5 27.Bg3 Bg5 28.Rcd1 Rcd8 29.Bg2 Nf4
30.h4 Nxg2 31.Kxg2 Be7 32.f3 h5 33.g5 Qb6 34.Rc1 f6 35.gxf6 gxf6 36.Bf2 Bf7
37.Qc3 Qb8 38.Qd2 Kh7 39.Qc2 Rg8+ 40.Kh3 Qf8 41.Ne3 Qh6 42.Rg1 Rxg1 43.Rxg1 Rd8
44.Nf1 Rg8 45.Rxg8 Kxg8 46.Kg2 Qg6+ 47.Kh2 Qf5 48.Ng3 Qd5 49.e3 Bf8 50.e4 Qc6
51.Ne2 e5 52.Nc1 f5 53.exf5 Qxf3 54.Bxc5 Qf4+ 55.Kg1 Qg4+  0-1

[Event "TCh-UKR Clubs 2011"]
[Site "Alushta UKR"]
[Date "2011.05.16"]
[Round "4.2"]
[White "Derjabin,I"]
[Black "Razin,V"]
[Result "1/2-1/2"]
[WhiteElo "2371"]
[BlackElo "2311"]

1.Nf3 d5 2.g3 Nf6 3.Bg2 c6 4.O-O Bf5 5.c4 e6 6.d4 h6 7.Nc3 Nbd7 8.Re1 Be7
9.Qb3 Qb6 10.c5 Qxb3 11.axb3 O-O 12.b4 a6 13.Nd2 Bc2 14.Ra3 e5 15.e3 Rfe8
16.Nb3 exd4 17.Nxd4 Bh7 18.f4 a5 19.Rxa5 Rxa5 20.bxa5 Nxc5 21.Bd2 Nd3 22.Ra1 Nxb2
23.a6 bxa6 24.Nxc6 Nc4 25.Nxe7+ Rxe7 26.Bc1 Nxe3 27.Rxa6 Nxg2 28.Ra8+ Re8
29.Rxe8+ Nxe8 30.Kxg2 Nf6 31.Be3 Be4+ 32.Kg1 Ne8 33.Nb5 f6 34.Kf2 Kf7 35.Bc5 Ke6
36.Ke3 Kf5 37.h3 h5 38.Bf8 g5  1/2-1/2

[Event "Serbian Cup 2011"]
[Site "Valjevo SRB"]
[Date "2011.05.16"]
[Round "1.6"]
[White "Maksimovic,Br"]
[Black "Mirkovic,St"]
[Result "1-0"]
[WhiteElo "2440"]
[BlackElo "2237"]

1.g3 d5 2.Nf3 e6 3.Bg2 Nd7 4.O-O b6 5.c4 c6 6.d4 Bd6 7.Nc3 f5 8.Qc2 Qc7 9.cxd5 cxd5
10.Qa4 Ke7 11.Nb5 Qc6 12.Bg5+ Ndf6 13.Rac1 Qe8 14.Bf4 Ne4 15.Ne5 Kf6 16.f3 g5
17.Be3 a6 18.Nc3 b5 19.Nxe4+ dxe4 20.Qa5 Bxe5 21.dxe5+ Kg6 22.fxe4 f4 23.gxf4 Nh6
24.f5+ exf5 25.Qb6+ Kh5 26.Bf3+ Ng4 27.Qf6 h6 28.exf5 Rf8 29.Bxg4+ Kxg4 30.Qxh6 Qh5
31.Rf4+ gxf4 32.Qxf4+  1-0

[Event "ch-Euro Indiv Women"]
[Site "Tbilisi GEO"]
[Date "2011.05.17"]
[Round "10"]
[White "Melashvili,N"]
[Black "Ghukasyan,Siranush"]
[Result "1-0"]
[WhiteElo "2104"]
[BlackElo "1766"]

1.Nf3 d5 2.g3 Nf6 3.Bg2 c6 4.O-O g6 5.c3 Bg7 6.d3 O-O 7.Qc2 Re8 8.e4 e5 9.h3 Nbd7
10.Be3 b6 11.a4 Ba6 12.Rd1 Qc7 13.Ne1 Rad8 14.a5 Qb7 15.Nd2 Bf8 16.axb6 axb6
17.Bg5 h6 18.exd5 cxd5 19.Be3 Bb5 20.b4 Bc6 21.Qb3 Qc7 22.b5 Ba8 23.d4 e4
24.Rdc1 Rc8 25.Bf4 Qd8 26.Nc2 g5 27.Be3 Re6 28.Nb4 Be7 29.Ra7 Qf8 30.Rca1 Bxb4
31.Qxb4 Qxb4 32.cxb4 Ree8 33.h4 gxh4 34.gxh4 Kg7 35.Bh3 Red8 36.Nf1 Rb8 37.Ng3 Bb7
38.Nf5+ Kh7 39.Nxh6 Ra8 40.Nxf7 Rg8+ 41.Kh2 Rxa7 42.Rxa7 Bc8 43.Nd6  1-0

[Event "ch-Euro Indiv Women"]
[Site "Tbilisi GEO"]
[Date "2011.05.17"]
[Round "10"]
[White "Moser,E"]
[Black "Tsatsalashvili,K"]
[Result "0-1"]
[WhiteElo "2445"]
[BlackElo "2280"]

1.g3 d5 2.Nf3 c5 3.Bg2 Nc6 4.c4 d4 5.e3 e5 6.exd4 cxd4 7.O-O Nf6 8.Re1 Bd6
9.c5 Bxc5 10.Nxe5 Nxe5 11.Rxe5+ Be7 12.Qe1 Ng4 13.Rd5 Qc7 14.Rxd4 O-O 15.Re4 Bd6
16.Nc3 Bf5 17.Nb5 Qb6 18.Nxd6 Qxd6 19.Re2 Bd3 20.Bxb7 Rab8 21.Re7 Rxb7 22.Rxb7 Ne5
23.Qe3 Qd5 24.Rb3 Nf3+ 25.Kh1 Nd4+ 26.f3 Be2 27.Kg1 Bxf3 28.d3 Nc2 29.Qf2 Nxa1
30.Rc3 Bg4 31.b3 Bc8 32.Qc5 Qe6 33.Be3 Bb7 34.Bf2 Qh3  0-1

[Event "4th Beirut Open"]
[Site "Beirut LIB"]
[Date "2011.05.18"]
[Round "6.11"]
[White "Sohib,O"]
[Black "Modallal,T"]
[Result "1-0"]
[WhiteElo "2093"]
[BlackElo "2008"]

1.Nf3 d5 2.g3 Nc6 3.d4 Bg4 4.Bg2 Qd7 5.O-O O-O-O 6.b4 f6 7.b5 Na5 8.a4 h5
9.Na3 g5 10.Qe1 Nc4 11.Nxc4 dxc4 12.Qa5 Kb8 13.d5 e5 14.dxe6 Qxe6 15.Be3 b6
16.Qc3 Ne7 17.Nd4 Qf7 18.a5 Rxd4 19.Qxd4  1-0

[Event "9th Somov Mem"]
[Site "Kirishi RUS"]
[Date "2011.05.18"]
[Round "11"]
[White "Grigoryan,K2"]
[Black "Eliseev,U"]
[Result "1-0"]
[WhiteElo "2463"]
[BlackElo "2433"]

1.Nf3 d5 2.g3 Nf6 3.Bg2 c6 4.O-O Bf5 5.d3 h6 6.c4 Nbd7 7.Nc3 dxc4 8.dxc4 e5
9.Nh4 Bh7 10.Be3 Ng4 11.Bd2 Be7 12.e4 Bxh4 13.Qxg4 Bg5 14.f4 Bf6 15.Be3 Qe7
16.Rad1 Nc5 17.f5 a5 18.h4 Rd8 19.a3 Nb3 20.Rxd8+ Qxd8 21.Re1 Nd4 22.b4 Nc2
23.Rd1 Qa8 24.Bc5 axb4 25.axb4 Qa3 26.Ne2 b6 27.Bd6 Ne3 28.Qf3 Nxc4 29.Qxa3 Nxa3
30.Nc3 Nc4 31.Bf1 Ne3 32.Rd2 Nxf1 33.Kxf1 g6 34.b5 cxb5 35.Nxb5 Be7 36.Nc7+ Kf8
37.f6  1-0

[Event "20th Croatian Cup"]
[Site "Sibenik CRO"]
[Date "2011.05.18"]
[Round "1.91"]
[White "Nikolac,J"]
[Black "Dizdarevic,E"]
[Result "0-1"]
[WhiteElo "2429"]
[BlackElo "2493"]

1.Nf3 d5 2.g3 g6 3.Bg2 Bg7 4.d4 c6 5.O-O Nf6 6.Bf4 O-O 7.c3 Nbd7 8.Qc1 Re8
9.Nbd2 Nh5 10.Bg5 h6 11.Be3 Nhf6 12.h3 Kh7 13.Ne5 Nxe5 14.dxe5 Ne4 15.Nxe4 dxe4
16.Rd1 Qc7 17.Rd4 Bf5 18.Bxe4 Bxe5 19.Rc4 Be6 20.Rb4 a5 21.Bb6 Qd6 22.Ra4 c5
23.Bxa5 b6 24.Bxa8 Rxa8 25.Rh4 h5 26.Bb4 Bxg3 27.Rd4 Bxf2+ 28.Kxf2 Qh2+ 29.Ke1 cxd4  0-1

[Event "zt 2.5"]
[Site "Asuncion PAR"]
[Date "2011.05.19"]
[Round "4"]
[White "Roselli Mailhe,B"]
[Black "Larrea,M"]
[Result "0-1"]
[WhiteElo "2437"]
[BlackElo "2299"]

1.Nf3 d5 2.g3 f5 3.Bg2 Nf6 4.O-O e6 5.c4 c6 6.d3 dxc4 7.dxc4 Qxd1 8.Rxd1 Bc5
9.Nc3 Ng4 10.e3 Nd7 11.b3 e5 12.h3 Ngf6 13.Bb2 e4 14.Nd4 Nb6 15.Rd2 Bd7 16.Rad1 Ke7
17.Nc2 Rhd8 18.Ne2 Be6 19.Ned4 Bd7 20.Bf1 a5 21.Bc3 Ne8 22.a3 Bd6 23.Ne2 c5
24.a4 g5 25.Na3 Bc6 26.Nc1 Nd7 27.Be2 b6 28.Na2 f4 29.exf4 gxf4 30.Nb5 Bxb5
31.cxb5 fxg3 32.Bc4 Bf4 33.Re2 gxf2+ 34.Kxf2 Ndf6 35.Rg1 Rd6 36.Bxf6+ Nxf6
37.Rg7+ Ke8 38.Nc3 e3+ 39.Kf3 Bh6 40.Rb7 Rad8 41.Rg2 R8d7 42.Rb8+ Ke7 43.Ne2 Rd8
44.Rb7+ Nd7 45.Rg8 Rf6+ 46.Ke4 Rxg8 47.Bxg8 Kd8 48.Bc4 Rd6 49.Ra7 Bg5 50.Kf5 h6
51.Ra8+ Ke7 52.Rg8 Rf6+ 53.Ke4 Rf1 54.Rg7+ Kd6 55.Rg6+ Nf6+ 56.Kd3 Rd1+ 57.Kc2 Rd2+
58.Kc1 Ke5 59.h4 Kf5 60.h5 Kg4 61.Rg7 Kf3 62.Ng1+ Kg2 63.Ne2 Kf2 64.Nc3 e2
65.Bxe2 Rxe2+ 66.Kb1 Nxh5 67.Rb7 Re1+ 68.Kc2 Nf6 69.Rxb6 Rc1+  0-1

[Event "20th Croatian Cup"]
[Site "Sibenik CRO"]
[Date "2011.05.19"]
[Round "2.21"]
[White "Dizdarevic,E"]
[Black "Saric,Iv"]
[Result "0-1"]
[WhiteElo "2493"]
[BlackElo "2637"]

1.Nf3 d5 2.g3 c6 3.Bg2 Bg4 4.c4 e6 5.cxd5 exd5 6.O-O Nd7 7.h3 Bh5 8.d4 Bd6
9.Nc3 Ngf6 10.Nh4 O-O 11.Qd3 Ne8 12.Qf5 g6 13.Qc2 Ng7 14.Qb3 Ne6 15.Rd1 Rb8
16.Nf3 Bxf3 17.Bxf3 Qf6 18.Qa4 b5 19.Qxa7 Nc7 20.Bg4 Qe7 21.e4 f5 22.Bxf5 dxe4
23.Bxd7 Qxd7 24.d5 c5 25.Be3 Rbe8 26.Qb6 Rf6 27.Kg2 Qf5 28.Qb7 Qf3+ 29.Kh2 Bxg3+
30.fxg3 Qxe3 31.h4 Qf2+ 32.Kh3 Qf5+ 33.Kh2 Qe5 34.Rf1 Ref8 35.Rxf6 Rxf6 36.Rg1 e3
37.Rg2 b4 38.d6 Rxd6 39.Ne4 Rd4 40.Ng5 e2 41.Qb8+ Kg7 42.Nf3 e1=Q  0-1

[Event "Serbian Cup 2011"]
[Site "Valjevo SRB"]
[Date "2011.05.19"]
[Round "4.3"]
[White "Marinovic,B"]
[Black "Miljkovic,Mih"]
[Result "1-0"]
[WhiteElo "2404"]
[BlackElo "2300"]

1.Nf3 d5 2.g3 Nf6 3.Bg2 c6 4.d3 Bf5 5.O-O h6 6.Nbd2 Nbd7 7.Qe1 e5 8.e4 dxe4
9.dxe4 Be6 10.b3 Bc5 11.Bb2 Qc7 12.Qe2 O-O 13.Nc4 Bg4 14.h3 Bxf3 15.Bxf3 Rfe8
16.Rad1 Rad8 17.Rd3 b5 18.Ne3 Nf8 19.Ng4 Nxg4 20.Bxg4 Rxd3 21.Qxd3 Qb6 22.Qe2 Bd4
23.c3 Bc5 24.Rd1 Rd8 25.Rxd8 Qxd8 26.Bc1 a5 27.Kg2 b4 28.Bd2 Qd6 29.Be1 bxc3
30.Bxc3 Bb4 31.Bb2 Ba3 32.Bc3 Bb4 33.Bb2 Ba3 34.Ba1 Bc5 35.Bc3 Bb4 36.Qc4 g6
37.a4 c5 38.Bb2 h5 39.Bc8 Qc6 40.Ba6 Qd6 41.Bb7 Kg7 42.Bd5 Ne6 43.Bxe6 fxe6
44.Qc2 Kh7 45.Bc1 Qd4 46.Be3 Qd6 47.Kf1 Qa6+ 48.Kg2 Qd6 49.f3 Kg8 50.Kf2 Kf7
51.Ke2 Ke7 52.Qd3 Qxd3+ 53.Kxd3 Kd6 54.Kc4 Kc6 55.g4 Kb6 56.Bg5 Ba3 57.Bd8+ Ka6
58.Bc7 Bb4 59.Bxe5  1-0